000
00196 a2200097 4500
001
460
100
_a
Durell,CV
245
_a
School certificate algebra
260
_a
_b
G Bell
_c
090
_c
78
_d
78
942
_a
NUST-CAE
_c
M
_c
34488
999
_c
235533
_d
235533